Complete plays 1913 - 1920
Gespeichert in:
| 1. Verfasser: | |
|---|---|
| Format: | Buch |
| Sprache: | English |
| Veröffentlicht: |
New York, Estados Unidos
The Library of America
1988
|
| Schlagworte: | |
| Tags: |
Tag hinzufügen
Keine Tags, Fügen Sie den ersten Tag hinzu!
|
MARC
| LEADER | 00000nam a2200000Ia 4500 | ||
|---|---|---|---|
| 008 | 170316s9999 xx 000 0 eng d | ||
| 040 | |a cru BVZT | ||
| 090 | |a E-810 O-2c | ||
| 100 | |a O`Neill, Eugene | ||
| 245 | |a Complete plays 1913 - 1920 | ||
| 260 | |a New York, Estados Unidos | ||
| 260 | |b The Library of America | ||
| 260 | |c 1988 | ||
| 300 | |a 1104 páginas | ||
| 650 | |a LITERATURA ESTADOUNIDENSE - COLECCIÓN ESPECIAL | ||
| 650 | |a ESCRITOS | ||
| 942 | |c SALA | ||
| 999 | |c 13293 |d 13293 | ||
